Romantics Poetry/ (Record no. 166893)

MARC details
000 -LEADER
fixed length control field 00684nam a22001937a 4500
010 ## - LCCN (DPL NO)
LC control number ENG-126168
020 ## - INTERNATIONAL STANDARD BOOK NUMBER
International Standard Book Number 978-93-8472-669-0
Terms of availability 995.00
035 ## - SYSTEM CONTROL NUMBER
System control number EN-109700
037 ## - SOURCE OF ACQUISITION
Source of stock number/acquisition DBAD/PUB
082 ## - DEWEY DECIMAL CLASSIFICATION NUMBER
Classification number 881
100 ## - MAIN ENTRY--PERSONAL NAME
Personal name Mukherjee,Gurudas
245 ## - TITLE STATEMENT
Title Romantics Poetry/
Statement of responsibility, etc by Gurudas Mukherjee[and]Indibar Mukherjee
260 ## - PUBLICATION, DISTRIBUTION, ETC. (IMPRINT)
Place of publication, distribution, etc New Delhi
Name of publisher, distributor, etc Ane Books Pvt.Ltd.
Date of publication, distribution, etc 2018
270 ## - ADDRESS
Address 4821,Parwana Bhawan,1st Floor24 Ansari Road, Darya Ganj
City New Delhi
Postal code 110002
Telephone number +91(011)23276843
Fax number +91(011)23276863
Electronic mail address kapoor@anebooks.com
300 ## - PHYSICAL DESCRIPTION
Extent 274p.
Dimensions 24cm(hb)
Other physical details ill
500 ## - GENERAL NOTE
General note it includes Index and Bibliography
650 ## - SUBJECT ADDED ENTRY--TOPICAL TERM
Topical term or geographic name as entry element English Poetry
942 ## - ADDED ENTRY ELEMENTS (KOHA)
Source of classification or shelving scheme Dewey Decimal Classification
Item type English Books
Classification part 881
Call number suffix MUK
Holdings
Withdrawn status Lost status Not for loan Collection code Home library Current library Date acquired Source of acquisition Cost, normal purchase price Full call number Barcode Copy number Cost, replacement price Koha item type
      Non-fiction Andrews Gunj Andrews Gunj 14/08/2019 DBAD/PUB. 995.00 881 MUK EN-109700 1 995.00 English Books

© Delhi Public Library
Hit Counter
free hit counter